000 00207nam a22001097a 4500
040 _cSK
082 _a635
100 _aNA
245 _aPropagating and planting trees
260 _aNA
_bNA
_c2002
942 _cEK
999 _c9500
_d9500